| 000 | 00944cam a22002895i 4500 | ||
|---|---|---|---|
| 999 |
_c28785 _d28756 |
||
| 001 | 008112465 | ||
| 003 | EG-ScBUE | ||
| 005 | 20200922130830.0 | ||
| 008 | 850318s1983 enk f b 001 0 eng d | ||
| 020 | _a0850386489 (pbk) | ||
| 020 | _a0850386187 (cased) | ||
| 040 |
_aUk _beng _erda _cUk _dEG-ScBUE |
||
| 043 | _ae-uk--- | ||
| 082 | 0 | 4 |
_a344.10371024381 _bCLA _222 |
| 100 | 1 |
_aClayton, Patricia E., _eauthor. |
|
| 245 | 1 | 0 |
_aConsumer law for the small business / _cPatricia Clayton. |
| 264 | 1 |
_aLondon : _bKogan Page, _c1983. |
|
| 300 |
_a160 pages ; _c22 cm |
||
| 336 |
_atext _btxt _2rdacontent |
||
| 337 |
_aunmediated _bn _2rdamedia |
||
| 338 |
_avolume _bnc _2rdacarrier |
||
| 504 | _aIncludes bibliographical references and index. | ||
| 650 | 7 |
_aConsumer protection _xLaw and legislation. _2BUEsh |
|
| 650 | 7 |
_aRetail trade _xLaw and legislation _zGreat Britain. _2BUEsh |
|
| 653 |
_bLLAAWW _bBUSADM _cSeptember2020 |
||
| 942 |
_2ddc _cBB |
||